Airports Codes Quiz #5 - Statistics

General Stats
  • This quiz has been taken 79 times
  • The average score is 15 of 24
Answer Stats
Code City % Correct
PHL Philadelphia
94%
BRU Brussels
90%
LIM Lima
90%
DEL Delhi
82%
VCE Venice
82%
EDI Edinburgh
79%
DUS Düsseldorf
76%
CLT Charlotte
69%
PVG Shanghai (Pudong)
66%
AUH Abu Dhabi
63%
ADD Addis Ababa
60%
FUK Fukuoka
60%
EZE Buenos Aires
58%
NAS Nassau
58%
SJU San Juan (Puerto Rico)
58%
DTW Detroit
55%
RUH Riyadh
53%
KTM Kathmandu
52%
BNA Nashville
48%
CNS Cairns
45%
CHC Christchurch
45%
AGP Málaga
45%
SZX Shenzhen
44%
KOA Kona
35%
No matching quizzes found
Score Distribution
Percent of People with Each Score
Percentile by Number Answered
Your Score History
You have not taken this quiz